| 000 | 01505cam a22004094a 4500 | ||
|---|---|---|---|
| 001 | 4048742 | ||
| 003 | OSt | ||
| 005 | 20260205121636.0 | ||
| 008 | 990322s2000 nyuab b 001 0 eng | ||
| 010 | _a 99026210 | ||
| 020 | _a0321011058 | ||
| 020 | _a9780321011053 | ||
| 035 | _a4048742 | ||
| 040 |
_aDLC _cKABLIB _dKABLIB |
||
| 042 | _apcc | ||
| 043 | _an-us--- | ||
| 050 | 0 | 0 |
_aJS422 _b.H33 2000 |
| 082 | 0 | 0 |
_a352.14 _223 _bHAR |
| 100 | 1 |
_aHarrigan, John J. _915230 |
|
| 245 | 1 | 0 |
_aPolitical change in the metropolis / _cJohn J. Harrigan, Ronald K. Vogel. |
| 250 | _a6th ed. | ||
| 260 |
_aNew York : _bLongman, _cc2000. |
||
| 300 |
_axv, 489 p. : _bill., (Col) ; _c24 cm. |
||
| 336 |
_atext _btxt _2rdacontent |
||
| 337 |
_aunmediated _bn _2rdamedia |
||
| 338 |
_avolume _bnc _2rdacarrier |
||
| 504 | _aIncludes bibliographical references and index. | ||
| 650 | 0 |
_aMetropolitan government _zUnited States. _915231 |
|
| 650 | 0 |
_aMunicipal government _zUnited States. _915232 |
|
| 650 | 0 |
_aMetropolitan areas _zUnited States. _915233 |
|
| 650 | 0 |
_aUrban policy _zUnited States. _915234 |
|
| 700 | 1 |
_aVogel, Ronald K. _915235 |
|
| 906 |
_a7 _bcbc _corignew _d1 _eocip _f19 _gy-gencatlg |
||
| 942 |
_2ddc _cBOOK |
||
| 999 |
_c6027 _d6027 |
||